<?xml version="1.0" encoding="UTF-8"?>
<record
    xmlns:xsi="http://www.w3.org/2001/XMLSchema-instance"
    xsi:schemaLocation="http://www.loc.gov/MARC21/slim http://www.loc.gov/standards/marcxml/schema/MARC21slim.xsd"
    xmlns="http://www.loc.gov/MARC21/slim">

  <leader>01338nab a22002657a 4500</leader>
  <controlfield tag="003">armounm</controlfield>
  <controlfield tag="005">20260514064154.0</controlfield>
  <controlfield tag="008">170904c2002    ag ||||| |||| 00| 0 spa d</controlfield>
  <datafield tag="040" ind1=" " ind2=" ">
    <subfield code="c">AR-MoUNM</subfield>
  </datafield>
  <datafield tag="100" ind1="1" ind2=" ">
    <subfield code="9">11889</subfield>
    <subfield code="a">Fruggeri, Laura</subfield>
  </datafield>
  <datafield tag="240" ind1="0" ind2=" ">
    <subfield code="a">Recurso Accesible</subfield>
  </datafield>
  <datafield tag="245" ind1="1" ind2="3">
    <subfield code="a">Una propuesta de clasificaci&#xF3;n de las intervenciones en favor de la familia </subfield>
    <subfield code="h">[recurso electr&#xF3;nico] : </subfield>
    <subfield code="b">de los contenidos a los procesos / </subfield>
    <subfield code="c">Laura Fruggeri ; Giovanna Gerardi [tr].</subfield>
  </datafield>
  <datafield tag="300" ind1=" " ind2=" ">
    <subfield code="a">Datos electr&#xF3;nicos</subfield>
    <subfield code="c">(1 archivo : 27,9 KB).</subfield>
  </datafield>
  <datafield tag="500" ind1="0" ind2=" ">
    <subfield code="a">N&#xFA;mero 18. A&#xF1;o 2002.</subfield>
  </datafield>
  <datafield tag="500" ind1="0" ind2=" ">
    <subfield code="a">Carrera: Licenciatura en Trabajo Social (Res. UNM-R N&#xBA; 21/19).</subfield>
  </datafield>
  <datafield tag="500" ind1="0" ind2=" ">
    <subfield code="a">Materia: Psicolog&#xED;a Social y Comunitaria (3144).
Unidad 3.</subfield>
  </datafield>
  <datafield tag="505" ind1="0" ind2=" ">
    <subfield code="a">Material digitalizado preparado con fines de estudio o recreaci&#xF3;n, para uso exclusivo y personal de usuarios no videntes, o con otras discapacidades perceptivas. No est&#xE1; disponible para otros usuarios para proteger los derechos de autor en la normativa vigente.</subfield>
  </datafield>
  <datafield tag="650" ind1=" " ind2="7">
    <subfield code="a">PSICOLOGIA</subfield>
    <subfield code="2">unescot</subfield>
    <subfield code="9">1432</subfield>
  </datafield>
  <datafield tag="650" ind1=" " ind2="7">
    <subfield code="9">999</subfield>
    <subfield code="a">PSICOLOGIA SOCIAL</subfield>
  </datafield>
  <datafield tag="650" ind1=" " ind2="7">
    <subfield code="a">FAMILIA</subfield>
    <subfield code="2">unescot</subfield>
    <subfield code="9">1073</subfield>
  </datafield>
  <datafield tag="650" ind1=" " ind2="7">
    <subfield code="a">VIDA COTIDIANA</subfield>
    <subfield code="2">unescot</subfield>
    <subfield code="9">1074</subfield>
  </datafield>
  <datafield tag="700" ind1="1" ind2=" ">
    <subfield code="9">12000</subfield>
    <subfield code="a">Gerardi, Giovanna </subfield>
    <subfield code="e">tr.</subfield>
  </datafield>
  <datafield tag="773" ind1="0" ind2=" ">
    <subfield code="a">Taverniers, Karin.</subfield>
    <subfield code="t">Sistemas familiares : </subfield>
    <subfield code="d">Buenos Aires : Sistemas familiares, 2002.</subfield>
    <subfield code="g">p.5-14.</subfield>
  </datafield>
  <datafield tag="942" ind1=" " ind2=" ">
    <subfield code="c">ANAL&#xCD;TICA</subfield>
  </datafield>
  <datafield tag="999" ind1=" " ind2=" ">
    <subfield code="c">7948</subfield>
    <subfield code="d">7949</subfield>
  </datafield>
  <datafield tag="952" ind1=" " ind2=" ">
    <subfield code="0">0</subfield>
    <subfield code="1">0</subfield>
    <subfield code="4">0</subfield>
    <subfield code="7">0</subfield>
    <subfield code="a">accesible</subfield>
    <subfield code="b">accesible</subfield>
    <subfield code="d">2017-09-04</subfield>
    <subfield code="l">0</subfield>
    <subfield code="r">2017-09-04 00:00:00</subfield>
    <subfield code="w">2017-09-04</subfield>
    <subfield code="y">RECURSOE</subfield>
  </datafield>
</record>
